LEADER 01066nam a2200277 u 4500 001 000000047503 003 CaOOAMICUS 005 20070226114907.0 008 991103s1995 it u000 u ita u 035 $a10835541 040 $aMSA$bita$dPUL(R) 100 1 $aMaritain, Jacques,$d1882-1973.$0(OLS)http://pul/name/868 240 10$aDieu et la permission du mal.$lItaliano.$0(OLS)http://pul/title/63960 245 10$aDio e la permissione del male /$cJacques Maritain. 250 $a5. ed. 260 $aBrescia :$bMorcelliana,$cc1995. 300 $a100 p. ;$c22 cm 504 $aBibliografia in nota. 650 4$aBene e male.$0(OLS)http://pul/subject/7492 650 4$aTeodicea.$0(OLS)http://pul/subject/5640 850 $aPUL 852 $aPUL$W1$xSL Religione 1$y3$m56 M 65$j63463$nBK-PRI$b $qStampati$B63463$CPULBib$Z2$F63463 $H $81 941 1 $a8 961 $aINV: 73694 996 $6245$aDio e la permissione del male$9(OLS)http://pul/title/63961 996 $6260$aBrescia :$bMorcelliana$9(OLS)http://pul/publisher/47854 LEADER 01204nam a2200313 a 4500 001 000000134313 003 CaOOAMICUS 005 20130611112230.0 008 130611s1994 it u000 u ita r 020 $a88-17-11635-1 040 $aPUL$bita 100 1 $aPaglia, Vincenzo,$cvescovo emerito di Terni-Narni-Amelia,$d1945-$0(OLS)http://pul/name/17838 245 10$aStoria dei poveri in Occidente /$cVincenzo Paglia. 250 $a2. ed. 260 $aMilano :$bBiblioteca Universale Rizzoli,$c1994. 300 $a449 p. ;$c20 cm 490 1 $aSupersaggi 500 $aComprende indici. 504 $aBibliografia in nota. 650 4$aPovertà$xStoria.$0(OLS)http://pul/subject/22367 830 0$aBUR Supersaggi.$0(OLS)http://pul/title/59908 850 $aPUL 852 $aPUL$W1$xDP1 Fondo E. Rossi$y115$m1 P 3$j154430$qFondi$B153980$CPULBib$Z2$F153980 $82 941 1 $a1 961 $aSul dorso collocazione ms. di E. Rossi: P 1 1 1 996 $6020$a88-17-11635-1$9(OLS)http://pul/number/153016 996 $6245$aStoria dei poveri in Occidente$9(OLS)http://pul/title/169842 996 $6260$aMilano :$bBiblioteca Universale Rizzoli$9(OLS)http://pul/publisher/61121